[Event "Rhein Main op-B 19th"]
[Site "Bad Homburg"]
[Date "2016.05.25"]
[Round "1"]
[White "Boerkey, Luis"]
[Black "Bajorski, Leszek"]
[Result "0-1"]
[WhiteElo "1589"]
[BlackElo "1920"]
[PlyCount "80"]
[EventDate "2016.05.25"]
[EventType "swiss"]
[EventRounds "7"]
[EventCountry "GER"]
[SourceTitle "EXT 2017"]
[Source "ChessBase"]
[SourceDate "2016.10.25"]
[SourceVersion "1"]
[SourceVersionDate "2016.10.25"]
[SourceQuality "1"]

1. d4 Nf6 2. c4 e6 3. Nf3 c5 4. d5 exd5 5. cxd5 d6 6. e3 g6 7. Nc3 Bg7 8. Bb5+ Bd7 9. Bxd7+ Qxd7 10. 0-0 0-0 11. e4 b5 12. Qc2 b4 13. Ne2 Re8 14. Ng3 Qb5 15. Nd2 Ng4 16. Nc4 Qd7 17. Bf4 Ne5 18. Nxe5 Bxe5 19. Bxe5 Rxe5 20. f4 Re8 21. f5 Qd8 22. fxg6 fxg6 23. Rf4 Nd7 24. Raf1 Ne5 25. Ne2 Qe7 26. Rf6 Rf8 27. Rxf8+ Rxf8 28. Nf4 Qf6 29. Qc1 Ng4 30. Rf3 Qd4+ 31. Kh1 Nf2+ 32. Kg1 Nd3+ 33. Qe3 Qxe3+ 34. Rxe3 Nxf4 35. g3 Nh3+ 36. Kg2 Rf2+ 37. Kxh3 Rxb2 38. a3 a5 39. e5 dxe5 40. Rd3 Kf8 0-1

[Event "Wiesbaden op 27th"]
[Site "Wiesbaden"]
[Date "2015.08.30"]
[Round "7"]
[White "Boerkey, Luis"]
[Black "Wilk, David"]
[Result "1/2-1/2"]
[WhiteElo "1566"]
[BlackElo "1734"]
[PlyCount "53"]
[EventDate "2015.08.27"]
[EventType "swiss"]
[EventRounds "7"]
[EventCountry "GER"]
[SourceTitle "EXT 2016"]
[Source "ChessBase"]
[SourceDate "2015.10.08"]
[SourceVersion "1"]
[SourceVersionDate "2015.10.08"]
[SourceQuality "1"]

1. d4 Nf6 2. c4 e6 3. Nf3 c5 4. d5 exd5 5. cxd5 c4 6. Bg5 Qa5+ 7. Nc3 Ne4 8. Bd2 Nxd2 9. Qxd2 Bc5 10. e4 b5 11. Be2 0-0 12. 0-0 d6 13. a4 b4 14. Nb5 a6 15. Nbd4 c3 16. bxc3 bxc3 17. Qc2 Bg4 18. Nb3 Qb4 19. Nxc5 Qxc5 20. Nd4 Qxd4 21. Bxg4 Re8 22. Bf3 Qc5 23. Rfc1 Rc8 24. Qb3 Ra7 25. Ra3 Rac7 26. Bg4 Re8 27. Bf3 1/2-1/2

[Event "Dortmund Sparkassen op-B"]
[Site "Dortmund"]
[Date "2015.06.29"]
[Round "3"]
[White "Boerkey, Luis"]
[Black "Wuebker, Paul Luca"]
[Result "1/2-1/2"]
[WhiteElo "1421"]
[BlackElo "1710"]
[PlyCount "56"]
[EventDate "2015.06.27"]
[EventType "swiss"]
[EventRounds "9"]
[EventCountry "GER"]
[SourceTitle "CBM 167 Extra"]
[Source "ChessBase"]
[SourceDate "2015.09.14"]
[SourceVersion "1"]
[SourceVersionDate "2015.09.14"]
[SourceQuality "1"]

1. d4 d5 2. c4 c6 3. cxd5 cxd5 4. Nc3 Nc6 5. Bf4 e6 6. e3 Bd6 7. Bg3 Nf6 8. Bb5 Bxg3 9. fxg3 0-0 10. Nf3 Bd7 11. 0-0 Ne7 12. Bd3 Nf5 13. Qd2 Nd6 14. Rac1 a6 15. Ne5 b5 16. a3 Nc4 17. Nxc4 dxc4 18. Bc2 Bc6 19. Rf2 Qb6 20. Qe2 Qb7 21. Rxf6 gxf6 22. Qg4+ Kh8 23. Qh4 f5 24. Qf6+ Kg8 25. Qg5+ Kh8 26. Qf6+ Kg8 27. Qg5+ Kh8 28. Qf6+ Kg8 1/2-1/2

[Event "Hessen-ch U12"]
[Site "Bad Homburg"]
[Date "2015.04.02"]
[Round "6"]
[White "Boerkey, Luis"]
[Black "Greb, Lennart"]
[Result "1-0"]
[WhiteElo "1531"]
[BlackElo "1038"]
[PlyCount "51"]
[EventDate "2015.03.30"]
[EventType "swiss"]
[EventRounds "9"]
[EventCountry "GER"]
[SourceTitle "EXT 2017"]
[Source "ChessBase"]
[SourceDate "2016.10.25"]
[SourceVersion "1"]
[SourceVersionDate "2016.10.25"]
[SourceQuality "1"]

1. d4 d5 2. c4 e6 3. Nf3 Nc6 4. e3 Nf6 5. b3 Bd7 6. Bb2 Bb4+ 7. Nbd2 Ne4 8. Bd3 Qf6 9. 0-0 Nxd2 10. Nxd2 0-0 11. a3 Be7 12. Qc2 h6 13. Nf3 Rfe8 14. e4 dxe4 15. Bxe4 Nd8 16. d5 Qf4 17. dxe6 Bxe6 18. Rad1 Bd6 19. Rd4 Kh8 20. Bxb7 Bf5 21. Qc3 Be5 22. Nxe5 Qxe5 23. Bxa8 Ne6 24. Rd5 Qf4 25. Bc6 Rg8 26. Qe5 1-0

[Event "Hessen-ch U12"]
[Site "Bad Homburg"]
[Date "2015.03.30"]
[Round "1"]
[White "Boerkey, Luis"]
[Black "Beutel, Nico"]
[Result "1-0"]
[WhiteElo "1531"]
[BlackElo "791"]
[PlyCount "65"]
[EventDate "2015.03.30"]
[EventType "swiss"]
[EventRounds "9"]
[EventCountry "GER"]
[SourceTitle "EXT 2017"]
[Source "ChessBase"]
[SourceDate "2016.10.25"]
[SourceVersion "1"]
[SourceVersionDate "2016.10.25"]
[SourceQuality "1"]

1. d4 d5 2. c4 dxc4 3. e3 Nf6 4. Bxc4 Nc6 5. Nf3 e6 6. 0-0 Bb4 7. Bd2 Ne4 8. Bxb4 Nxb4 9. Nc3 Nxc3 10. bxc3 Nd5 11. e4 Nxc3 12. Qc2 Nxe4 13. Qxe4 0-0 14. Bd3 g6 15. Rab1 f5 16. Qe5 Qd6 17. Rfc1 Qxe5 18. dxe5 c6 19. Bc4 b5 20. Bb3 Bd7 21. Rd1 Rfd8 22. Ng5 Be8 23. Nxe6 Rxd1+ 24. Rxd1 Bd7 25. Rxd7 a5 26. Nc7+ Kf8 27. Nxa8 Ke8 28. Rxh7 Kd8 29. e6 Ke8 30. e7 g5 31. Nc7+ Kd7 32. e8Q+ Kd6 33. Qe7# 1-0

[Event "Wiesbaden op 26th"]
[Site "Wiesbaden"]
[Date "2014.08.28"]
[Round "1"]
[White "Anhalt, Albert"]
[Black "Boerkey, Luis"]
[Result "1/2-1/2"]
[WhiteElo "1909"]
[BlackElo "1095"]
[PlyCount "83"]
[EventDate "2014.08.28"]
[EventType "swiss"]
[EventRounds "7"]
[EventCountry "GER"]
[SourceTitle "CBM 162 Extra"]
[Source "ChessBase"]
[SourceDate "2014.10.17"]
[SourceVersion "1"]
[SourceVersionDate "2014.10.17"]
[SourceQuality "1"]

1. e4 e6 2. d4 d5 3. Nc3 Bb4 4. e5 c5 5. a3 Bxc3+ 6. bxc3 cxd4 7. cxd4 Nc6 8. Nf3 Nge7 9. Bd3 Bd7 10. 0-0 Qb6 11. c3 Na5 12. a4 Qb3 13. Ra3 Qxd1 14. Rxd1 Rc8 15. Bg5 Nc4 16. Raa1 Nb2 17. Rd2 Nxd3 18. Rxd3 Rc4 19. a5 h6 20. Bc1 0-0 21. Nd2 Rc7 22. Ba3 Bb5 23. Rh3 b6 24. axb6 axb6 25. Bd6 Rb7 26. g4 Re8 27. f4 Nc8 28. Bb4 Ra7 29. Rxa7 Nxa7 30. g5 hxg5 31. fxg5 Ra8 32. Kf2 Nc6 33. Bd6 Ra2 34. Ke3 Rc2 35. Nf3 Rxc3+ 36. Kf4 Nxd4 37. Nxd4 Rxh3 38. Nxb5 Rxh2 39. Nd4 Rb2 40. g6 fxg6 41. Nxe6 b5 42. Nc7 1/2-1/2

[Event "Rheinland Pfalz op 6th"]
[Site "Gau Algesheim"]
[Date "2014.06.21"]
[Round "4"]
[White "Boerkey, Luis"]
[Black "Girg, Rolf"]
[Result "0-1"]
[WhiteElo "1010"]
[BlackElo "1712"]
[PlyCount "110"]
[EventDate "2014.06.19"]
[EventType "swiss"]
[EventRounds "7"]
[EventCountry "GER"]
[SourceTitle "CBM 161 Extra"]
[Source "ChessBase"]
[SourceDate "2014.08.29"]
[SourceVersion "1"]
[SourceVersionDate "2014.08.29"]
[SourceQuality "1"]

1. e4 c5 2. Nf3 Nc6 3. Nc3 e6 4. Bd3 a6 5. 0-0 g6 6. b3 Bg7 7. Bb2 Nf6 8. h3 0-0 9. Re1 b5 10. e5 Nd5 11. Nxd5 exd5 12. c4 Nb4 13. Re3 Nxd3 14. Rxd3 d4 15. Ba3 b4 16. Bb2 Qc7 17. a3 bxa3 18. Bxa3 Bxe5 19. b4 Bd6 20. bxc5 Bxc5 21. Bxc5 Qxc5 22. Rxd4 d6 23. Qa4 Bb7 24. Rd3 Qf5 25. Qb3 Bxf3 26. Rxf3 Qe5 27. Qc3 Rfc8 28. Qxe5 dxe5 29. d3 e4 30. Ra4 exf3 31. gxf3 Rd8 32. Ra3 Rd4 33. Kg2 f5 34. Rb3 a5 35. Ra3 a4 36. Kg3 g5 37. Kg2 Kf7 38. Kh2 Ke6 39. Kg2 Ke5 40. Kg3 h5 41. Kg2 Kf4 42. h4 g4 43. c5 Rc8 44. Rc3 Rc6 45. fxg4 fxg4 46. f3 gxf3+ 47. Kf2 Rb4 48. Rc2 a3 49. Ra2 Rb2+ 50. Rxb2 axb2 51. d4 Ke4 52. d5 Rxc5 53. d6 b1Q 54. d7 Rc2+ 55. Kg3 Qg1+ 0-1

[Event "Hessen-ch U12"]
[Site "Bad Homburg"]
[Date "2014.??.??"]
[Round "1"]
[White "Stork, Oliver"]
[Black "Boerkey, Luis"]
[Result "1-0"]
[WhiteElo "1629"]
[BlackElo "918"]
[PlyCount "105"]
[EventDate "2014.04.??"]
[EventType "swiss"]
[EventRounds "9"]
[EventCountry "GER"]
[SourceTitle "EXT 2022"]
[Source "ChessBase"]
[SourceDate "2021.10.06"]
[SourceVersion "1"]
[SourceVersionDate "2021.10.06"]
[SourceQuality "1"]

1. e4 e5 2. Nf3 Nc6 3. Bc4 Nf6 4. d3 h6 5. Be3 Be7 6. Nc3 0-0 7. h3 Bb4 8. Bd2 d6 9. Ne2 Bxd2+ 10. Qxd2 Qe7 11. Ng3 a6 12. Qe3 b5 13. Bb3 Re8 14. Nh4 Nd4 15. c3 Nxb3 16. axb3 Qe6 17. c4 Rb8 18. Rb1 bxc4 19. bxc4 Rb3 20. 0-0 c6 21. Qd2 d5 22. Qc2 dxc4 23. dxc4 Rb4 24. b3 c5 25. Rfd1 Bb7 26. f3 Qe7 27. Nhf5 Qc7 28. Rd6 Rd8 29. Rbd1 Rxd6 30. Rxd6 Bc8 31. Nxh6+ Kf8 32. Nhf5 Bxf5 33. Nxf5 a5 34. Qd3 Rb8 35. Kf2 Nh5 36. g3 g6 37. Rd7 Qc8 38. Rxf7+ Kg8 39. Ne7+ Kxf7 40. Nxc8 Nf6 41. Nd6+ Ke6 42. Nb5 Rf8 43. Qd6+ Kf7 44. Qxe5 Kg7 45. Nc7 Rf7 46. Ne8+ Kg8 47. Nxf6+ Rxf6 48. Qxf6 Kh7 49. e5 Kg8 50. e6 a4 51. e7 axb3 52. e8R+ Kh7 53. Rh8# 1-0